European values in numbers : trends and traditions at the turn of the century /

This volume presents the beliefs and values of people in European countries and the trends that appeared at turn of the century. Based on survey data from the 1981, 1990, 1999, and 2008 values studies in Europe, trends in human values are examined concerning important life domains such as religion a...

وصف كامل

محفوظ في:

المؤلف الرئيسي: Luijkx, Ruud.

التنسيق: كتاب الكتروني

اللغة: English

منشور في: Leiden ; Boston : Brill, [2016]

سلاسل: European Values Studies 16.
Religious Studies, Theology and Philosophy E-Books Online, Collection 2016, ISBN: 9789004303942.

الموضوعات:

الوصول للمادة أونلاين: Login to view Source

الوسوم: إضافة وسم

لا توجد وسوم, كن أول من يضع وسما على هذه التسجيلة!

رقم الطلب: HN380.Z9

LEADER 02561nam a2200493 i 4500
001 BRILL9789004328525
003 nllekb
005 20210602102038.0
006 m d
007 cr un uuuua
008 161017s2016 ne s 000 0 eng d
010 |a  2016047882 
020 |a 9789004328525  |q (electronic book) 
020 |z 9789004328433  |q (print) 
024 7 |a 10.1163/9789004328525  |2 DOI 
035 |a  2016047882  |6 ORIG 
040 |a NL-LeKB  |c NL-LeKB  |e rda 
043 |a e------ 
050 4 |a HN380.Z9 
072 7 |a JHBC  |2 bicssc 
072 7 |a SOC027000  |2 bisacsh 
082 0 4 |a 306.094  |2 23 
100 1 |a Luijkx, Ruud. 
245 1 0 |a European values in numbers :  |b trends and traditions at the turn of the century /  |c by Ruud Luijkx, Loek Halman, Inge Sieben, Evelyn Brislinger, and Markus Quandt. 
264 1 |a Leiden ;  |a Boston :  |b Brill,  |c [2016] 
300 |a 1 online resource. 
336 |a text  |b txt  |2 rdacontent 
337 |a computer  |b c  |2 rdamedia 
338 |a online resource  |2 rdacarrier 
490 0 |a European values studies ;  |v v. 16 
505 0 0 |a Preliminary Material -- Introduction -- evs Surveys 1981-2008 -- Tables. 
506 |a Available to subscribing member institutions only. 
520 |a This volume presents the beliefs and values of people in European countries and the trends that appeared at turn of the century. Based on survey data from the 1981, 1990, 1999, and 2008 values studies in Europe, trends in human values are examined concerning important life domains such as religion and morality, primary relations and family life, work and leisure time, society and political culture. It shows the cultural varieties and similarities in value profiles of the Europeans at the end of the 20th and beginning of the 21st century. 
588 |a Description based on print version record and CIP data provided by publisher; resource not viewed. 
650 0 |a Social values  |z Europe  |v Statistics. 
650 0 |a Social values  |z Europe  |x History. 
651 0 |a Europe  |x Moral conditions  |v Statistics. 
776 0 8 |i Print version:  |a Luijkx, Ruud, author.  |t European values in numbers  |d Leiden ; Boston : Brill, [2016]  |z 9789004328433  |w (DLC) 2016035043 
830 0 |a European Values Studies  |v 16. 
830 0 |a Religious Studies, Theology and Philosophy E-Books Online, Collection 2016, ISBN: 9789004303942. 
856 4 |z DOI:   |u http://dx.doi.org/10.1163/9789004328525 
942 |c EBOOK 
952 |0 0  |1 0  |4 0  |7 1  |9 14880  |a BRILL  |b BRILL  |d 2021-06-02  |l 0  |r 2021-06-02 00:00:00  |w 2021-06-02  |y EBOOK 
999 |c 36329  |d 36329